| 000 | 00453pab a2200157 454500 | ||
|---|---|---|---|
| 008 | 180718b1977 xxu||||| |||| 00| 0 eng d | ||
| 100 | _aRoy, Delwin A. | ||
| 245 | _aManagement education and training in the Arab world: A review of issues and problems | ||
| 260 | _c1977 | ||
| 300 | _ap.1022-1034. | ||
| 362 | _aOct-Dec | ||
| 650 | _aTraining | ||
| 650 | _aManagement education | ||
| 773 | _aIndian Journal of Public Administration | ||
| 909 | _a88251 | ||
| 999 |
_c88251 _d88251 |
||